History Quiz

Random History or Grab Bag Quiz

Close, But No Cigar in History Quiz Stats

 Plays Quiz Updated Jul 6, 2017

Support Sporcle.
Go Orange.
Score 0/18 Timer 08:00
2 Plays Today
% Correct
Ringo Starr
98%
The Beatles
97.4%
Steve Wozniak and Steve Jobs
92.7%
Apple Computer
91.1%
Neil Armstrong and Buzz Aldrin
86.6%
Thomas Edison
82.7%
Circumnavigate
82.7%
Harry S. Truman
79.7%
Geographic South Pole
79.6%
% Correct
USS Enterprise
75.9%
William Shatner
75.5%
Jackie Robinson
70.8%
Apollo 11
70.7%
Thomas E. Dewey
64.8%
Ferdinand Magellan
63.9%
Alternating Current (AC)
60.9%
American League
46.1%
Roald Amundsen
42.9%

You're not logged in!

Compare scores with friends on all Sporcle quizzes.
OR
Log In
Forgot?

From the Vault

Multi-Category Minefield Blitz: Africa

by Thebiguglyalien

It's a huge continent, so the number of categories could be almost endless.
Remove Ads.
Support Sporcle.
Get the best of Sporcle when you Go Orange. This ad-free experience offers more features, more stats, and more fun while also helping to support Sporcle. Thank you for becoming a member.

Show Comments

Extras

Top Quizzes Today


Score Distribution

Your Account Isn't Verified!

In order to create a playlist on Sporcle, you need to verify the email address you used during registration. Go to your Sporcle Settings to finish the process.

Report this User

Report this user for behavior that violates our Community Guidelines.

Details: